LEADER 01111nam2 2200289 i 450 001 SUN0051191 005 20180423112859.316 010 $a978-88-7999-029-5$d0.00 100 $a20060905d1993 |0itac50 ba 101 $aita 102 $aIT 105 $a|||| ||||| 200 1 $aˆ1: ‰Meccanica$fFolco Scudieri 205 $a2. ed. con esercizi 210 $aRoma$cAracne$d1993 215 $a215 p.$d24 cm. 461 1$1001SUN0051052$12001 $aAppunti di fisica 1.$fFolco Scudieri$v1$1210 $aRoma$cUniTor$apoi Aracne$1215 $av.$d24 cm. 606 $aStatistical mechanics, structure of matter [MSC 2010] 82-XX$2MF$3SUNC021931 606 $a00A79 (77-XX)$xPhysics [MSC 2020]$2MF$3SUNC023182 620 $dRoma$3SUNL000360 700 1$aScudieri$b, Folco$3SUNV035310$0481510 712 $aAracne$3SUNV001104$4650 801 $aIT$bSOL$c20200727$gRICA 912 $aSUN0051191 950 $aUFFICIO DI BIBLIOTECA DEL DIPARTIMENTO DI MATEMATICA E FISICA$d08CONS 77-XX 3966 $e08 2405 I 20060905 996 $aMeccanica$91405087 997 $aUNICAMPANIA LEADER 02796nam0 2200469 i 450 001 UDA0240099 005 20251003044426.0 010 $a9788870759075$bEditrice bibliografica 020 $aIT$b2016-4606 100 $a20210707d2016 ||||0itac50 ba 101 | $aita$cita 102 $ait 181 1$6z01$ai $bxxxe 182 1$6z01$an 183 1$6z01$anc$2RDAcarrier 200 1 $aClassificazione decimale Dewey e WebDewey$econ istruzioni per l'utilizzo del costruttore dei numeri della WebDewey$fPiero Cavaleri$gcontributi di Valeria De Francesca, Maura Quaquarelli, Sara Vago, Chiara Pinciroli 210 $aMilano$cEditrice bibliografica$cAssociazione italiana biblioteche$d2016 215 $a259 p.$cill.$d24 cm 225 | $aProfessione bibliotecario$v1 410 0$1001UBO4219392$12001 $aProfessione bibliotecario$v1 500 10$aClassificazione decimale Dewey e WebDewey$3VIA0380734$9UBOV931422$91400004 606 $aClassificazione decimale Dewey$xManuali$2FIR$3CFIC002820$9E 606 $aWebDewey$2FIR$3CFIC238438$9N 676 $a025.431$9$v21 676 $a025.431$9SISTEMI DI CLASSIFICAZIONE GENERALI. CLASSIFICAZIONE DECIMALE DEWEY$v22 676 $a025.431076$9CLASSIFICAZIONE DECIMALE DEWEY. PRONTUARI ED ESERCIZI$v21 676 $a025.431076$9CLASSIFICAZIONE DECIMALE DEWEY. Prontuari ed esercizi$v22 676 $a025.431076$9CLASSIFICAZIONE DECIMALE DEWEY. Prontuari scolastici ed esercizi$v23 696 $aDewey $aDDC $aCDD 699 $aClassificazione decimale Dewey$yDewey 699 $aClassificazione decimale Dewey$yDDC 699 $aClassificazione decimale Dewey$yCDD 700 1$aCavaleri$b, Piero$3UBOV931422$4070$0299358 702 1$aDe Francesca$b, Valeria$3RCAV260384$4070 801 3$aIT$bIT-000000$c20210707 850 $aIT-BN0095 $aIT-NA0043 901 $bNAP 01$cBCA $nComprende monografie e periodici di diritto, testi di ingegneria, di scienze e tecnologia di nuova acquisizione. 912 $aUDA0240099 950 0$aBiblioteca Centralizzata di Ateneo$c1 v. in tre copie$d 01BCA DIREZIONE 11$e 01 0000001145 VMA 1 v.$fB $h20210301$i20210301$c1 v. in tre copie$d 01BCA DIREZIONE 11$e 01 0000001155U VMA (bis 1 v. (2. copia)$fB $h20210301$i20210301$c1 v. in tre copie$d 01BCA DIREZIONE 11$e 01 0000001165 VMA (ter 1 v. (3. copia)$fA $h20210301$i20210301 977 $a 01$a AN 996 $aClassificazione decimale Dewey e WebDewey$91400004 997 $aUNISANNIO